000 00764nam a22002057a 4500
999 _c4423
_d4423
003 AR-CdUCM
008 190308b ||||| |||| 00| 0 spa d
040 _aMUNICIPALIDAD PROVINCIAL DEL CUSCO
_cBIBLIOTECA MUNICIPAL DEL CUSCO
082 _a946 /
_bG81
100 _aGriffin, Glive
_913938
245 _aLos Cromenberger :
_bLa Historia de una imprenta del siglo XIV en Sevilla y Méjico
260 _aMadrid :
_bEdiciones de Cultura Hispánica ,
_c1991.
300 _a384 páginas ;
_c27 cm.
505 _aContenido : Los Cromberger y su Imprenta -- Los Libros de los Cromberger -- Apendices
650 _aLos Cromberger
_913939
650 _aHistoria de Imprentas Europeas
_913940
650 _aHistoria Española
_913891
942 _2ddc
_cLIBROS
945 _artm